| 000 | 00772cab a2200265 4500 | ||
|---|---|---|---|
| 001 | ABS57462 | ||
| 008 | 090401t1997 xxu||||| |||| 00| 0 eng d | ||
| 035 | _a(Sirsi) u80337 | ||
| 041 | _aeng | ||
| 100 | _aMoore, L. | ||
| 245 | _aDefence against troubled water | ||
| 260 | _c1997 | ||
| 350 | _a0 | ||
| 490 |
_aProperty Week _v60(7) 15 August 1997, 19(1) |
||
| 520 | _aDiscusses a recent case which provides guidance on the practices consultants should adopt in advising on site remediation. | ||
| 650 | _aCLEAN-UP COSTS | ||
| 650 | _aCONSULTING ENGINEERS | ||
| 650 | _aCONTAMINATED LAND | ||
| 650 | _aDUTY TO WARN | ||
| 650 | _aNEGLIGENCE | ||
| 650 | _aREMEDIATION | ||
| 690 | _aENVIRONMENTAL AND LAND CONSULTANCY | ||
| 942 | _n0 | ||
| 948 | _c19/08/1997 | ||
| 999 |
_c50596 _d50596 |
||